000 01121cam a22003377a 4500
003 CHAP
005 20220817044051.0
008 051129d2005 mx r 00110 spa d
010 _a91450
011 _a92422
035 _a102986
040 _cCHAP
090 _aTesis
100 0 0 _aCrespo López, Gustavo.
_928901
245 1 0 _aEfecto residual del cobre dietético en pollos de engorda
_c/por Gustavo Crespo López
260 _aChapingo, Méx. :
_bEl autor,
_c2005.
300 _a69 h.
502 _aTesis (Ing. Agr. Esp. en Zootecnia) - - UACH. Departamento de Zootecnia
590 _aALEPH
_b10
_c20130110
_lUCH01
_h1508
590 _aBATCH-UPD
_b10
_c20130110
_lUCH01
_h0536
590 _aBATCH-UPD
_b10
_c20130410
_lUCH01
_h0216
590 _aBATCH-UPD
_b10
_c20130914
_lUCH01
_h0954
590 _aCONVERSION
_b10
_c20130109
_lUCH01
_h1351
650 1 4 _aCobre en nutrición.
_924190
650 1 4 _aPollos
_xEngorda.
901 _aBK
905 _aLilia
942 _cFOLL
949 _aTesis
_bBC
_cTES
_d33724000970422
_eTS2
_fc.2
_h44397
_i102986
_sb
949 _aTesis
_bBC
_cTES
_d33724000970489
_eTS1
_h44396
_i102986
_sb
999 _c91450
_d91450